Officially Christian Countries - Statistics

General Stats
  • This quiz has been taken 31 times
  • The average score is 6 of 11
Answer Stats
Continent Country % Correct
Europe Vatican City
93%
Europe Denmark
66%
Oceania Samoa
66%
Europe Liechtenstein
59%
Europe Monaco
59%
Oceania Tuvalu
59%
Europe Iceland
55%
Oceania Papua New Guinea
55%
Europe Malta
52%
North America Costa Rica
34%
Africa Zambia
31%
No matching quizzes found
Score Distribution
Percent of People with Each Score
Percentile by Number Answered
Your Score History
You have not taken this quiz